000 00626nam a22001937a 4500
005 20140422111625.0
010 _aENG-109196
020 _c250.00
_a9789382459163
035 _aEN-92729
037 _bDBAD/PUB
082 _a572.8
245 _aMolecular biology and genetic engineering /
_cby L. M. Narayanan...[et al]
250 _a5th ed
260 _bSaras Publication
_c2013
_aNagercoil
270 _bNagercoil
_e629002
_a114/35G, A. R. P. Camp Road, Periavilai, Kottar P. O., Nagercoil
300 _axx,390p. :
_c25cm(pbk)
_bill.
700 _aNarayanan, L. M.
942 _2ddc
_cEN
_mMOL
_h572.8
999 _c82217
_d82217